00382 a2200121 450000100060000004000220000624000360002824500340006465000370009894200070013595201010014299900170024366216 cAnchieta - Pituba10aGincana interna Anchieta 2014l10aGincana interna Anchieta 2014 4aLínguas espanhola e portuguesa cMX 00104070a91.1b91.1d2023-11-21l0o460 GINp20997/PITr2023-11-21 18:34:28w2023-11-21yMX c66216d66216